000
00302cam a22001097a 4500
008
180718b1951 xxu||||| |||| 00| 0 eng d
082
_a
B73x5442 P79mpus
100
_a
Poona Municipal Corporation
245
_a
Public Works Department: office manual
260
_a
Poona
_b
The author
_c
1951
300
_a
22p.
999
_c
392545
_d
392545